| 000 | 01594cam a2200433 a 4500 | ||
|---|---|---|---|
| 999 |
_c28641 _d28612 |
||
| 001 | 12536374 | ||
| 003 | EG-ScBUE | ||
| 005 | 20200901112851.0 | ||
| 008 | 010917t2002 maua f bd 001 0 eng d | ||
| 020 | _a0618115935 (Library edition) | ||
| 020 | _a9780618115938 | ||
| 040 |
_aDLC _beng _erda _cDLC _dDLC _dEG-ScBUE |
||
| 043 | _an-us--- | ||
| 082 | 0 | 4 |
_a650 _bPRI _222 |
| 100 | 1 |
_aPride, William M., _d1942- _eauthor. |
|
| 245 | 1 | 0 |
_aBusiness / _cWilliam M. Pride, Texas A & M University, Robert J. Hughes, Dallas County Community Colleges, Jack R. Kapoor, College of DuPage. |
| 250 | _aSeventh edition. | ||
| 250 | _alibrary edition. | ||
| 264 | 1 |
_aBoston : _bHoughton Mifflin Company, _c[2002] |
|
| 264 | 4 | _cc2002 | |
| 300 |
_a1 volume (various pagings) : _billustrations (some color) ; _c29 cm + |
||
| 336 |
_2rdacontent _atext _btxt |
||
| 337 |
_2rdamedia _aunmediated _bn |
||
| 338 |
_2rdacarrier _avolume _bnc |
||
| 500 | _aAudio review CDs in folder. | ||
| 500 | _aIncludes glossary. | ||
| 504 | _aIncludes bibliographical references and index. | ||
| 650 | 7 |
_aIndustrial management _zUnited States. _2BUEsh |
|
| 650 | 7 |
_aBusiness enterprises _zUnited States. _2BUEsh |
|
| 650 | 7 |
_aBusiness. _2BUEsh |
|
| 650 | 7 |
_aManagement. _2BUEsh |
|
| 653 |
_bBUSADM _cAugust2020 |
||
| 655 |
_vReading book _934232 |
||
| 700 | 1 |
_aHughes, Robert James, _d1946- _eauthor. |
|
| 700 | 1 |
_aKapoor, Jack R., _d1937- _eauthor. |
|
| 906 |
_a7 _bcbc _corigcop _d3 _encip _f20 _gy-gencatlg |
||
| 942 |
_2ddc _cBB |
||